| 000 | 00677cam a22001931 4500 | ||
|---|---|---|---|
| 001 | sa 64007487 | ||
| 003 | DLC | ||
| 005 | 20260227112047.0 | ||
| 008 | 890913s1963 io 000 0 ind | ||
| 010 | _asa 64007487 | ||
| 035 | _a(OCoLC)23536749 | ||
| 040 |
_aDLC _cMiU _dDLC |
||
| 042 | _apremarc | ||
| 050 | 0 | 0 |
_aDS644.2 1963 _b.S93 |
| 100 | 0 |
_aSoekarno, _d1901-1970. |
|
| 245 | 1 | 0 |
_aDjalankan pantja-program front nasional! _bAmanat Sockarno pada pembukaan sidang bersama pengurus besar dengan pengurus dacrah front nasional seluruh Indonesia, tanggal 13 Pebruari 1963, di Istana Olahraga, Senajan, Djakarta. |
| 260 |
_aMedan, _bHarris _c[1963?] |
||
| 300 |
_a32 p. _c22 cm. |
||
| 999 |
_c60286 _d60286 |
||